Ekonomické, politické a právne otázky medzinárodných vzťahov 2017 zborník vedeckých prác

Gespeichert in:
Bibliographische Detailangaben
Körperschaft: Ekonomická univerzita v Bratislave. Fakulta medzinárodných vzťahov
Weitere Verfasser: Klenka, Michal, Vlková, Eva, 1953-, Lipková, Ľudmila, Balhar, Víťazoslav
Format: Buch
Sprache:Slowakisch
Englisch
Veröffentlicht: Bratislava Vydavateľstvo EKONÓM 2017
Ausgabe:1. vyd.
Schlagworte:
Tags: Tag hinzufügen
Keine Tags, Fügen Sie das erste Tag hinzu!

MARC

LEADER 00000nlm a2200000 4500
001 0236242
005 20240514123037.8
020 |a 978-80-225-4404-7 
041 0 |a slo 
041 0 |a eng 
044 |a SK 
245 1 0 |a Ekonomické, politické a právne otázky medzinárodných vzťahov 2017  |b zborník vedeckých prác  |c zostavovatelia zborníka/editori: Michal Klenka, Eva Vlková ; recenzenti/reviewers: Ľudmila Lipková ... [et al.] 
250 |a 1. vyd. 
264 1 |a Bratislava  |b Vydavateľstvo EKONÓM  |c 2017 
300 |a online [356 s., 31,65 AH] 
610 2 0 |a vzťahy medzinárodné 
610 2 0 |a politika medzinárodná 
610 2 0 |a investície 
610 2 0 |a investície zahraničné 
610 2 0 |a Čína 
610 2 0 |a diplomacia 
610 2 0 |a spolupráca hospodárska medzinárodná 
610 2 0 |a islam 
610 2 0 |a migrácia 
610 2 0 |a demografia 
610 2 0 |a kríza hospodárska 
610 2 0 |a kríza finančná 
610 2 0 |a prezidenti 
610 2 0 |a USA 
610 2 0 |a rozvoj vidieka 
610 2 0 |a Afrika 
610 2 0 |a Island 
610 2 0 |a Latinská Amerika 
610 2 0 |a Karibská oblasť 
610 2 0 |a ekonomika environmentálna 
610 2 0 |a voľby 
610 2 0 |a Ekvádor 
610 2 0 |a priemysel 
610 2 0 |a Ukrajina 
610 2 0 |a Južná Kórea 
610 2 0 |a Francúzsko 
610 2 0 |a obchod voľný 
610 2 0 |a obchod zahraničný 
610 2 0 |a politika zahraničná 
610 2 0 |a transformácia 
610 2 0 |a Európska únia 
700 1 |a Klenka, Michal 
700 1 |a Vlková, Eva, 1953- 
700 1 |a Lipková, Ľudmila 
700 1 |a Balhar, Víťazoslav 
710 2 |a Ekonomická univerzita v Bratislave. Fakulta medzinárodných vzťahov